| 000 | 02309cam a2200445 i 4500 | ||
|---|---|---|---|
| 001 | 17849261 | ||
| 003 | NUST | ||
| 005 | 20221229123733.0 | ||
| 008 | 130813s2014 nyua 001 0beng | ||
| 010 | _a 2013026348 | ||
| 020 | _a9780307959478 (hardcover) | ||
| 020 | _z9780307959485 (ebook) | ||
| 020 | _z9780804148641 (compact disk) | ||
| 020 | _z9780804148658 (audiobook download) | ||
| 040 |
_aDLC _beng _cDLC _erda _dDLC |
||
| 042 | _apcc | ||
| 043 |
_an-us--- _aa-iq--- _aa-af--- |
||
| 050 | 0 | 0 |
_aE897.4.G37 _bA3 2014 |
| 082 | 0 | 0 |
_a355.6092,GAT _aB _223 |
| 100 | 1 |
_aGates, Robert Michael, _d1943- _9105410 |
|
| 245 | 1 | 0 |
_aDuty : _bmemoirs of a Secretary at war / _cRobert M. Gates. |
| 246 | 3 | 0 | _aMemoirs of a Secretary at war |
| 264 | 1 |
_aNew York : _bAlfred A. Knopf, _c2014. |
|
| 300 |
_ax, 618 pages : _bcolor illustrations ; _c25 cm |
||
| 336 |
_atext _2rdacontent |
||
| 337 |
_aunmediated _2rdamedia |
||
| 338 |
_avolume _2rdacarrier |
||
| 505 | 0 | _aSummoned to duty (Page-3), Iraq, Iraq and Iraq (Page-25), Mending fences, finding allies (Page-80), Waging war on the Pentagon (Page-115), Beyond Iraq: a complicated world (Page-149), Good war, bad war (Page-197), One damn thing after another (Page-239), Transition (Page-258), New term, new agenda, old secretary (Page-287), Afghanistan: a house divided (Page-335), Difficult foes, difficult friends (Page-387), Meanwhile, back in Washington (Page-432), War, war...and revolution (Page-468), At war to the last day (Page-524), Reflections (Page-566). | |
| 600 | 1 | 0 |
_aGates, Robert Michael, _d1943- _9105410 |
| 610 | 1 | 0 |
_aUnited States. _bDepartment of Defense _xOfficials and employees _vBiography. _9105411 |
| 650 | 0 |
_aCabinet officers _zUnited States _vBiography. _9105414 |
|
| 650 | 0 |
_aIraq War, 2003-2011 _vPersonal narratives. _9106352 |
|
| 650 | 0 |
_aAfghan War, 2001- _vPersonal narratives, American. _9106353 |
|
| 650 | 0 |
_aWar on Terrorism, 2001-2009 _vPersonal narratives, American. _9106354 |
|
| 650 | 0 |
_aCivil-military relations _zUnited States _xHistory _y21st century. _9106355 |
|
| 651 | 0 |
_aUnited States _xMilitary policy _xDecision making. _9106356 |
|
| 651 | 0 |
_aUnited States _xPolitics and government _y2001-2009. _98292 |
|
| 651 | 0 |
_aUnited States _xPolitics and government _y2009-2017. _997582 |
|
| 942 |
_2ddc _cBK _k355.6092,GAT |
||
| 999 |
_c592842 _d592842 |
||